Finales de chaque Ligue des Champions depuis 1993 - Statistiques

Statistiques générales
  • Ce quiz a été pris 934 fois
    13 depuis la dernière actualisation
  • Le résultat moyen est 32 sur 68
Statistiques - réponses
Saison Réponse % Correct
2025 Vainqueur 5 Paris-Saint-Germain
100%
2021 Vainqueur 1 Chelsea
90%
2025 Finaliste 0 Inter Milan
90%
2023 Finaliste 0 Inter Milan
90%
2023 Vainqueur 1 Manchester City
90%
2024 Vainqueur 2 Real Madrid
90%
2022 Vainqueur 1 Real Madrid
90%
2020 Vainqueur 1 Bayern Munich
80%
2015 Vainqueur 3 FC Barcelone
80%
2019 Vainqueur 2 Liverpool
80%
2021 Finaliste 0 Manchester City
80%
2020 Finaliste 0 Paris-Saint-Germain
80%
2018 Vainqueur 3 Real Madrid
80%
2017 Vainqueur 4 Real Madrid
80%
2016 Vainqueur 1 Real Madrid
80%
2016 Finaliste 1 Atletico Madrid
70%
2024 Finaliste 0 Borussia Dortmund
70%
2015 Finaliste 1 Juventus
70%
2022 Finaliste 0 Liverpool
70%
2014 Vainqueur 4 Real Madrid
70%
2011 Vainqueur 3 FC Barcelone
60%
2009 Vainqueur 2 FC Barcelone
60%
2010 Vainqueur 2 Inter Milan
60%
2017 Finaliste 1 Juventus
60%
2007 Vainqueur 2 AC Milan
50%
2026 Finaliste 1 Arsenal
50%
2014 Finaliste 1 Atletico Madrid
50%
2013 Vainqueur 2 Bayern Munich
50%
2012 Vainqueur 1 Chelsea
50%
2018 Finaliste 1 Liverpool
50%
2008 Vainqueur 1 Manchester United
50%
1993 Vainqueur 1 Olympique de Marseille
50%
2026 Vainqueur 1 Paris-Saint-Germain
50%
2019 Finaliste 0 Tottenham
50%
1993 Finaliste 0 AC Milan
40%
2013 Finaliste 1 Borussia Dortmund
40%
2009 Finaliste 0 Manchester United
40%
2005 Finaliste 3 AC Milan
30%
1994 Vainqueur 4 AC Milan
30%
2002 Finaliste 1 Bayer Leverkusen
30%
2012 Finaliste 1 Bayern Munich
30%
2010 Finaliste 0 Bayern Munich
30%
2006 Vainqueur 2 FC Barcelone
30%
2004 Vainqueur 3 FC Porto
30%
2005 Vainqueur 3 Liverpool
30%
1999 Vainqueur 2 Manchester United
30%
2002 Vainqueur 2 Real Madrid
30%
2003 Vainqueur 0 AC Milan
20%
1995 Vainqueur 1 Ajax Amsterdam
20%
2006 Finaliste 1 Arsenal
20%
2004 Finaliste 0 AS Monaco
20%
2001 Vainqueur 1 Bayern Munich
20%
1999 Finaliste 1 Bayern Munich
20%
1997 Vainqueur 3 Borussia Dortmund
20%
2008 Finaliste 1 Chelsea
20%
1994 Finaliste 0 FC Barcelone
20%
2003 Finaliste 0 Juventus
20%
1997 Finaliste 1 Juventus
20%
2007 Finaliste 1 Liverpool
20%
2011 Finaliste 1 Manchester United
20%
2000 Vainqueur 3 Real Madrid
20%
1998 Vainqueur 1 Real Madrid
20%
2001 Finaliste 1 Valence
20%
2000 Finaliste 0 Valence
20%
1995 Finaliste 0 AC Milan
10%
1996 Finaliste 1 Ajax Amsterdam
10%
1998 Finaliste 0 Juventus
10%
1996 Vainqueur 1 Juventus
10%
Aucun quiz correspondant
Distribution des résultats
% des personnes avec chaque résultat
Percentile par nombre de réponses
Votre historique - résultats
Vous n’avez pas pris ce quiz depuis la dernière actualisation